| 000 | 01242nam a22003617a 4500 | ||
|---|---|---|---|
| 003 | CHAP | ||
| 005 | 20220329143523.0 | ||
| 008 | 100329s2009 mx r 00010 spa d | ||
| 010 | _a97929 | ||
| 011 | _a98901 | ||
| 020 | _a9786074270389 | ||
| 035 | _a109586 | ||
| 040 | _cCHAP | ||
| 082 | 0 | 4 |
_a340.115 _bC27 |
| 100 | 1 |
_aCastellanos Hernández, Eduardo de Jesús. _920004 |
|
| 245 | 1 | 3 |
_aEl fomento de la cultura de la legalidad como política pública _c/por Eduardo de Jesús Castellanos Hernández |
| 260 |
_aMéxico, D.F. : _bSEGOB, _c2009 |
||
| 300 | _a192 p. | ||
| 590 |
_aBATCH-UPD _b10 _c20130110 _lUCH01 _h1021 |
||
| 590 |
_aBATCH-UPD _b10 _c20130410 _lUCH01 _h0626 |
||
| 590 |
_aBATCH-UPD _b10 _c20130914 _lUCH01 _h0856 |
||
| 590 |
_aCONVERSION _b10 _c20130109 _lUCH01 _h1354 |
||
| 650 | 1 | 4 |
_aAdministracion publica. _9934 |
| 650 | 1 | 4 |
_aDerecho _931861 |
| 650 | 1 | 4 |
_aÉtica profesional. _982781 |
| 650 | 1 | 4 |
_aJurisprudencia sociológica. _962533 |
| 650 | 1 | 4 |
_aPolítica social. _990696 |
| 650 | 1 | 4 |
_aPolítica y gobierno. _990717 |
| 901 | _aBK | ||
| 942 | _cLIBRO | ||
| 949 |
_a340.115 C27 _bBC _cLIBRO _d33724002110702 _eLIBRO _h112197 _i109586 _sb |
||
| 949 |
_a340.115 C27 _bBC _cLIBRO _d33724002176504 _eLIBRO _fc.2 _h113389 _i109586 _sb |
||
| 999 |
_c97929 _d97929 |
||